Іван Франко (Запис № 575267)

МАРК-запис
000 -Лідер
fixed length control field 00872nam a2200217 4500
001 - Контрольний номер
control field 2162214035924096
003 - Ідентифікатор контрольного номера
control field UA-OsUOA
005 - Дата та час останнього входження (трансакції)
control field 20231009162046.0
008 - Елементи даних фіксованої довжини – загальна інформація
fixed length control field 231009b un ||||| |||| 00| 0 ukr d
040 ## - Джерело каталогізації
Агенція оригінальної каталогізації UA-OsUOA
Мова каталогізації ukr
Агенція, яка здійснювала перезапис UA-OsUOA
Агенція, яка здійснювала модифікацію UA-OsUOA
041 ## - Код мови
Код мови тексту/ звукової доріжки чи окремого заголовка (П) ukr
080 ## - Індекс Універсальної десяткової класифікації
Індекс Універсальної десяткової класифікації (УДК) (НП) 012
090 ## - Локальний шифр розміщення
Класифікаційний індекс УДК 012
Авторський знак (НП) І-18
245 ## - Відомості про назву
Назва (НП) Іван Франко
Решта назви (НП) бібліографічний покажчик
Дані про відповідальність (НП) склав І. З. Бойко
250 ## - Відомості про видання (редакцію)
Відомості про видання (редакцію) (НП) вид. 2-ге., перероб. і доп.
260 ## - Публікація, розповсюдження і т.п. (Вихідні дані)
Місце публікації, розповсюдження і т.п. (П) Київ
Дата публікації, розповсюдження і т.п. (П) 1956
300 ## - Фізичний опис
Обсяг 288 с.
650 ## - Додаткове предметне введення – тематичний термін
Джерело заголовка чи терміна UDC
Тематичний термін чи географічна назва, як елемент введення (НП) 012 Бібліографії творів окремих авторів і окремих творів невідомих авторів
942 ## - Додаткові елементи входу (Коха)
Source of classification or shelving scheme Universal Decimal Classification
Тип елемента Koha Книги
Фонди
Стан вилучень Стан втрат Джерело класифікації або схеми стелажів Стан уражень Не для кредиту Код колекції Постійне місце розташування Поточне розміщення Дата придбання Усього замовленно Повний номер виклику Штрих-код Дата останнього перегляду Ціна ефективна від Тип елемента Koha
    Universal Decimal Classification     Колекція Крекотня В. І. ЧЗ - Читальна зала ЧЗ - Читальна зала 09/10/2022   012 І-18 92690 09/10/2023 09/10/2023 Книги